[Event "AUTO-OPEN-3667"]
[Site "http://www.queenalice.com/game.php?id=1427797"]
[Date "2016.6.16"]
[Round "1"]
[White "dmbenati"]
[Black "LeRoiNoir"]
[Result "1-0"]
[WhiteElo "1363"]
[BlackElo "1339"]

1. e4 c6 2. Nf3 d5 3. d3 dxe4 4. dxe4 Qxd1+ 5. Kxd1 Bg4 6. Be2 Nf6 7. Nc3 Nbd7
8. e5 Bxf3 9. exf6 Bxe2+ 10. Kxe2 Nxf6 11. Rd1 e6 12. Be3 Be7 13. Rd2 Ng4 14.
Bf4 Nf6 15. Rad1 Nd5 16. Nxd5 cxd5 17. Be5 O-O 18. a4 Rfc8 19. b3 Bb4 20. Rd4
Bc3 21. Rg4 Bxe5 22. c4 dxc4 23. bxc4 Rc7 24. f4 Rxc4 25. Kf3 Bf6 26. Rd7 Rb8
27. f5 Rxg4 28. Kxg4 exf5+ 29. Kxf5 Kf8 30. g4 Ke8 31. Rc7 Bd8 32. Rc4 b5 33.
Re4+ Be7 34. axb5 Rxb5+ 35. Kf4 Rb4 36. Kf5 Rxe4 37. Kxe4 a5 38. Kd3 a4 39. Kc3
a3 40. Kb3 f6 41. h3 g5 42. Ka2 Kf7 43. Kb3 Kg6 44. Ka2 1-0

[Event "AUTO-OPEN-3667"]
[Site "http://www.queenalice.com/game.php?id=1427800"]
[Date "2016.6.16"]
[Round "1"]
[White "LeRoiNoir"]
[Black "TheOperator"]
[Result "1-0"]
[WhiteElo "1439"]
[BlackElo "1708"]

1. d4 Nf6 2. c4 d5 3. Nc3 c6 4. Nf3 e6 5. Bg5 Nbd7 6. e3 Be7 7. Bd3 O-O 8. O-O
c5 9. cxd5 exd5 10. dxc5 Nxc5 11. Bc2 Qc7 12. Bxf6 Bxf6 13. Nxd5 Qc6 14. Ne5 Qd6
15. Qh5 g6 16. Nxf6+ Qxf6 17. Nxg6 fxg6 18. Qxc5 Qxb2 19. Bb3+ Kh8 20. Qxf8# 1-0

[Event "AUTO-OPEN-3667"]
[Site "http://www.queenalice.com/game.php?id=1427801"]
[Date "2016.6.16"]
[Round "1"]
[White "TheOperator"]
[Black "LeRoiNoir"]
[Result "0-1"]
[WhiteElo "1685"]
[BlackElo "1525"]

1. e4 c6 2. Nc3 d5 3. d4 dxe4 4. Nxe4 Bf5 5. Ng3 Bg6 6. Nf3 e6 7. Bc4 Nd7 8. c3
Ngf6 9. Nh4 Be4 10. Nxe4 Nxe4 11. Qd3 Qxh4 12. Be3 Ndf6 13. Qe2 Qg4 14. f3 Qh4+
15. g3 Nxg3 16. hxg3 Qxh1+ 17. Qf1 Qxf1+ 18. Bxf1 Bd6 19. g4 Nd5 20. Bf2 Bf4 21.
Rd1 h5 22. gxh5 Rxh5 23. Bg2 O-O-O 24. Ke2 Rg5 25. Bf1 Rh8 26. Bg2 Rxg2 0-1

[Event "AUTO-INT-3147"]
[Site "http://www.queenalice.com/game.php?id=1427991"]
[Date "2016.6.17"]
[Round "1"]
[White "raven225"]
[Black "LeRoiNoir"]
[Result "0-1"]
[WhiteElo "1914"]
[BlackElo "1615"]

1. e4 c6 2. c4 d5 3. cxd5 cxd5 4. exd5 Nf6 5. Nc3 Nxd5 6. Qa4+ Bd7 7. Qd4 Nf6 8.
Nf3 Nc6 9. Qh4 e6 10. d4 Be7 11. Bg5 Qb6 12. O-O-O Nb4 13. a3 Nbd5 14. Ne5 Nxc3
15. bxc3 Bxa3+ 16. Kd2 Qb2+ 17. Kd3 Bb5+ 18. Ke3 Nd5+ 19. Kf3 Bxf1 20. Rhxf1
Nxc3 21. Qf4 Qe2+ 22. Kg3 f6 23. Rde1 Qxf1 24. Rxf1 Ne2+ 25. Kh3 Nxf4+ 26. Bxf4
fxe5 27. Bxe5 O-O 28. f4 Rac8 29. Rf3 Be7 30. Rg3 Bf6 31. Kg4 Bxe5 32. dxe5 Rc4
33. Rf3 Rf5 34. g3 Rxe5 35. Kh3 Rh5+ 36. Kg2 Rc2+ 37. Rf2 Rxf2+ 38. Kxf2 Rxh2+
39. Kf3 Rc2 40. Kg4 a5 0-1

[Event "AUTO-INT-3147"]
[Site "http://www.queenalice.com/game.php?id=1427992"]
[Date "2016.6.17"]
[Round "1"]
[White "LeRoiNoir"]
[Black "raven225"]
[Result "1-0"]
[WhiteElo "1565"]
[BlackElo "1782"]

1. d4 d5 2. c4 c6 3. Nf3 Nf6 4. Nc3 e6 5. Bg5 Bb4 6. cxd5 Qxd5 7. Bxf6 gxf6 8.
e3 e5 9. dxe5 Qxd1+ 10. Rxd1 Bg4 11. exf6 Nd7 12. Be2 Nxf6 13. Rd4 Bxc3+ 14.
bxc3 O-O 15. O-O Rad8 16. Rb1 b5 17. Rf4 Bxf3 18. Bxf3 Rd6 19. c4 bxc4 20. Rxc4
Nd5 21. Rd4 Rfd8 22. Rb7 f5 23. Rxa7 R6d7 24. Rxd7 Rc8 25. Bxd5+ cxd5 26. R4xd5
h5 27. Rd8+ Rxd8 28. Rxd8+ Kf7 29. a4 Ke7 30. Rd4 1-0

[Event "AUTO-INT-3147"]
[Site "http://www.queenalice.com/game.php?id=1428019"]
[Date "2016.6.17"]
[Round "1"]
[White "LeRoiNoir"]
[Black "ismaelfln"]
[Result "1-0"]
[WhiteElo "1343"]
[BlackElo "1424"]

1. d4 d5 2. c4 dxc4 3. e3 b5 4. a4 c6 5. axb5 cxb5 6. Qf3 Bb7 7. Qxb7 Nd7 8.
Qxb5 a6 9. Qxc4 e6 10. Nf3 Rc8 11. Qxa6 Rxc1+ 12. Kd2 Qc8 13. Qxc8+ Rxc8 14. Bb5
Bb4+ 15. Nc3 Bxc3+ 16. bxc3 Nf6 17. Kd3 Ng4 18. Rhf1 Ke7 19. h3 Nh6 20. Ra7 Rcd8
21. Ne5 f6 22. Nxd7 Kd6 23. Nc5 g5 24. Nb7+ Kd5 25. e4# 1-0

[Event "AUTO-INT-3147"]
[Site "http://www.queenalice.com/game.php?id=1428020"]
[Date "2016.6.17"]
[Round "1"]
[White "ismaelfln"]
[Black "LeRoiNoir"]
[Result "0-1"]
[WhiteElo "1488"]
[BlackElo "1495"]

1. e4 c6 2. e5 d5 3. Nf3 Bg4 4. h3 Bxf3 5. Qxf3 e6 6. Bd3 Nd7 7. Qg3 Qc7 8. O-O
Qxe5 9. Qxe5 Nxe5 10. Re1 Nxd3 11. cxd3 Bc5 12. Nc3 Nf6 13. Na4 Bd4 14. g4 Nd7
15. Rb1 Ne5 16. b4 Nf3+ 17. Kf1 Ne5 18. b5 Nxd3 19. Re2 Nf4 20. Re1 Nxh3 21.
bxc6 bxc6 22. Kg2 Nxf2 23. Kg3 Nd3 24. Rh1 O-O 25. Bb2 Rab8 26. Bxd4 Rb5 27.
Rxb5 cxb5 28. Nc3 a6 29. Bb6 Rc8 30. Rh3 b4 31. Na4 Rc2 32. Kh4 Rxd2 33. Ba7
Rxa2 34. Nb6 Nc1 35. Nd7 Rc2 36. Nc5 Rc3 37. Rxc3 bxc3 38. Na4 c2 39. Be3 Nd3
40. Nc3 c1=Q 41. Bxc1 Nxc1 0-1